00490nam a22001457a 4500003000500000038001500005082001100020100002900031245015000060260003700210300002600247500001500273650003500288700002100323NUST aMr. Zahoor a621.39 a Yousaf, Muhammad Adnan  aLossless Image Compression by Incorporating Histogram Processing Stage in Burrows wheeler Compression Algorithm (BWCA) /cMuhammad Adnan Yousaf. aIslamabad :bCEME - NUST,c2011. a68 p. : ill. ;c30cm. aHardcover. aComputer Science - MS Thesis. aDr. Saad Rehman.